Собрание сочинений Анри де Ренье. 13: Лаковый поднос (Запись № 13486769)
[ простой вид ]
| 000 -МАРКЕР | |
|---|---|
| контрольное поле | 00953nam2a22002411 4500 |
| 001 - ИДЕНТИФИКАТОР ЗАПИСИ | |
| контрольное поле | RU\NLR\A1SV\108519 |
| 005 - ИДЕНТИФИКАТОР ВЕРСИИ | |
| контрольное поле | 20251203152403.2 |
| 035 ## - ДРУГИЕ СИСТЕМНЫЕ НОМЕРА | |
| Идентификатор записи | (NLR Aleph) 009789872 |
| 100 ## - ДАННЫЕ ОБЩЕЙ ОБРАБОТКИ | |
| Данные общей обработки | 20101103d1926 u y0rusy50 ca |
| 101 0# - ЯЗЫК РЕСУРСА | |
| Язык текста, звукозаписи и т.д. | русский |
| 200 1# - ЗАГЛАВИЕ И СВЕДЕНИЯ ОБ ОТВЕТСТВЕННОСТИ | |
| Основное заглавие | Лаковый поднос |
| Параллельное заглавие | (Le plateau de laque) |
| Первые сведения об ответственности | Пер. и предисл. А.А.Смирнова |
| 210 ## - ПУБЛИКАЦИЯ, РАСПРОСТРАНЕНИЕ И ДР. | |
| Дата издания, распространения и т.д. | 1926 |
| 215 ## - ФИЗИЧЕСКАЯ ХАРАКТЕРИСТИКА | |
| Специфическое обозначение материала и объем | 254 с., 1 л. ил.) |
| 316 ## - ПРИМЕЧАНИЯ ОБ ОСОБЕННОСТЯХ ЭКЗЕМПЛЯРА | |
| Текст примечания | Экз. РНБ деф.: отсутствует обл. |
| Организация и экземпляр, к которому относится поле | 17.122.3.4-13 |
| -- | Л 60 В-1/44-13 |
| 461 #1 - УРОВЕНЬ НАБОРА | |
| Встроенное поле | 001RU\NLR\A1SV\108510 |
| -- | 2000#$v13 |
| Системный номер (АБИС) связанной записи | 10131863 |
| Автор | Ренье, А. де (1864-1936) |
| Место публикации | Л. |
| Дата публикации | 1923-1927 |
| Первые сведения об ответственности | Анри де Ренье |
| Имя издателя, распространителя и т.д. | Academia |
| Сведения, относящиеся к заглавию | В 17 [19!] т. : Пер. с фр. |
| Заглавие | Собрание сочинений Анри де Ренье |
| Номер тома | 13 |
| 801 #0 - ИСТОЧНИК ЗАПИСИ | |
| Страна | Российская Федерация |
| Организация | NLR |
| Дата составления | 20101103 |
| 852 ## - МЕСТОНАХОЖДЕНИЕ И ШИФР ХРАНЕНИЯ | |
| Идентификатор организации | NLR |
| Шифр хранения (Call Number) | 17.122.3.4(13) |
| 852 ## - МЕСТОНАХОЖДЕНИЕ И ШИФР ХРАНЕНИЯ | |
| Идентификатор организации | NLR |
| Шифр хранения (Call Number) | Л60 В-1/44(13) |
| 942 ## - ДОПОЛНИТЕЛЬНЫЕ ЭЛЕМЕНТЫ ЗАПИСИ (АБИС) | |
| Тип экземпляра АБИС | Книга |
| 980 ## - КОЛЛЕКЦИЯ | |
| Название коллекции | Международный сводный каталог русской книги (1918-1926) |
| 980 ## - КОЛЛЕКЦИЯ | |
| Название коллекции | Национальная библиография |
Нет доступных экземпляров.